|
|
|
|
| LEADER |
00000cam a2200000 c 4500 |
| 001 |
109324240X |
| 003 |
DE-627 |
| 005 |
20260113111122.0 |
| 007 |
tu |
| 008 |
910213s1707 xx ||||| 00| ||ger c |
| 024 |
7 |
|
|a VD18 1397713X
|2 vd18
|
| 035 |
|
|
|a (DE-627)109324240X
|
| 035 |
|
|
|a (DE-576)02324240X
|
| 035 |
|
|
|a (DE-599)BSZ02324240X
|
| 035 |
|
|
|a (OCoLC)311644877
|
| 035 |
|
|
|a (OCoLC)311644877
|
| 035 |
|
|
|a (OCoLC)1080911571
|
| 040 |
|
|
|a DE-627
|b ger
|c DE-627
|e rakwb
|
| 041 |
|
|
|a ger
|
| 044 |
|
|
|c XA-DXDE
|
| 084 |
|
|
|a 1
|2 ssgn
|
| 084 |
|
|
|a 11.63
|2 bkl
|
| 100 |
1 |
|
|0 (DE-588)1022541943
|0 (DE-627)715925148
|0 (DE-576)365579785
|4 aut
|a Gersdorf, Nicolaus von
|d 1688-1724
|
| 109 |
|
|
|a Gerstorff, Nicolaus von 1688-1724
|a Gersdorff, Nicol von 1688-1724
|a Gerßdorff, Nicolaus von 1688-1724
|a Gerssdorff, Nikolaus von 1688-1724
|a Gerßdorff, Nicol von 1688-1724
|a Gersdorff, Nicolaus von 1688-1724
|a Gersdorff, Nikolaus von 1688-1724
|a Gersdorf, Nicol von 1688-1724
|a Gerßdorff, Nikol von 1688-1724
|a Gerstorff, Nicol von 1688-1724
|a Gersdorf, Nicolaus von III. 1688-1724
|a Gersdorf, Nikol von 1688-1724
|a Gerssdorff, Nicolaus von 1688-1724
|a Gersdorf, Nikolaus von 1688-1724
|a Gersdorf, Nicolaus von 1688-1724
|a Gerßdorff, Nikolaus von 1688-1724
|a Gerssdorff, Nicol von 1688-1724
|a Gerssdorff, Nikol von 1688-1724
|
| 245 |
1 |
0 |
|a Abdanckungs-Rede, Welche Bey Beerdigung Der Wohlgebohrnen Fräulein Frl. Magdalenä Sophiä Brum[m]erin von Bährenfeldt, Des Weyland Wohlgebohrnen Herrn, Herrn Benedict Brum[m]ers von Bährenfeldt, Ihro Hoch-Fürstl. Durchl. zu Würtemberg Hochbestaltgewesenen Kriegs-Raths und Obrist-Wachtmeisters [et]c. Jüngeren Fräulein Tochter, Nachdem Dieselbe am 25. des verwichenen Monats Septembr. im 21. Jahr Ihres Alters dieser Zeitlichkeit entrissen, Und den 29. darauff War der Tag Michaelis, Unter Volckreicher Versammlung zur Erde bestattet wurde
|c gehalten worden Von Nicolao Freyherrn von Berßdorff, Equ. Sax.
|
| 246 |
3 |
0 |
|a Abdankungs-Rede bei wohlgeborenen Magdalenae Magdalena Sophiae Sophia Brummer weiland wohlgeborenen Hoch-Fürstlichen Durchlaucht Wuertemberg Württemberg Kriegsrats Hoch-Fuerstlichen Juengeren Fraeulein September darauf volkreicher
|
| 246 |
3 |
0 |
|a et
|
| 264 |
|
1 |
|a Halle
|b Salfeld
|c [1707]
|
| 300 |
|
|
|a 12 S.
|c 2o
|
| 336 |
|
|
|a Text
|b txt
|2 rdacontent
|
| 337 |
|
|
|a ohne Hilfsmittel zu benutzen
|b n
|2 rdamedia
|
| 338 |
|
|
|a Band
|b nc
|2 rdacarrier
|
| 361 |
1 |
|
|5 DE-1
|y 1713299402
|s Ee 700-479
|o Sammlung
|a Leichenpredigtensammlung Stolberg-Wernigerode
|0 (DE-588)1211771326
|0 (DE-627)1700482254
|
| 361 |
1 |
|
|5 DE-1
|y 1713299402
|s Ee 700-479
|o Vorbesitz
|a Fürstlich-Stolberg-Wernigerödische Bibliothek
|0 (DE-588)510972-3
|0 (DE-627)101422938
|0 (DE-576)191117730
|f Bibliotheksexemplar
|f Signatur Hm 479
|z Nr. 6 des Sammelbandes
|
| 361 |
1 |
|
|5 DE-1
|y 1713299402
|s Ee 700-479
|o Zugang
|a Preußische Staatsbibliothek
|0 (DE-588)37102-6
|0 (DE-627)100849539
|0 (DE-576)190350555
|f Zugangsnummer Wgde 1430
|k 1933
|
| 361 |
1 |
|
|5 DE-1
|y 3495479589
|s Ee 710-4
|o Sammlung
|a Leichenpredigtensammlung Bückeburg
|0 (DE-588)1212122216
|0 (DE-627)1700733249
|
| 361 |
1 |
|
|5 DE-1
|y 3495479589
|s Ee 710-4
|o Vorbesitz
|a Schlichthaber, Anton Gottfried
|0 (DE-588)1019552085
|0 (DE-627)69094375X
|0 (DE-576)358313422
|f Autogramm
|k 1732
|z Sammelband mit hs. Besitzvermerk: A G Schlichthaber Past: Mind: possessor 1732
|u http://d-nb.info/gnd/115344206X
|
| 361 |
1 |
|
|5 DE-1
|y 3495479589
|s Ee 710-4
|o Vorbesitz
|a Fürstlich Schaumburg-Lippische Hofbibliothek
|0 (DE-588)1096202891
|0 (DE-627)856595136
|0 (DE-576)467907889
|
| 361 |
1 |
|
|5 DE-1
|y 3495479589
|s Ee 710-4
|o Vorbesitz
|a Fürstliche Hofkammer (Bückeburg)
|0 (DE-588)10047123-7
|0 (DE-627)356779017
|0 (DE-576)199313512
|z Lieferant
|
| 361 |
1 |
|
|5 DE-1
|y 3495479589
|s Ee 710-4
|o Zugang
|a Preußische Staatsbibliothek
|0 (DE-588)37102-6
|0 (DE-627)100849539
|0 (DE-576)190350555
|f Zugangsnummer 1939.3547
|k 1940-01-27
|
| 500 |
|
|
|a Leichenpredigt Magdalena Sophia Brummer von Beernfeld
|
| 500 |
|
|
|a Vorlageform des Erscheinungsvermerks: Halle, Gedruckt bey Christoph Salfelds Wittwe.
|
| 583 |
1 |
|
|a Digitalisiert
|f VD18
|2 pdager
|
| 601 |
|
|
|a Zeitlichkeit
|
| 601 |
|
|
|a Versammlung
|
| 655 |
|
7 |
|a Leichenpredigt
|0 (DE-627)09663216X
|2 local
|
| 700 |
1 |
|
|e Verstorb.
|0 (DE-588)142066524
|0 (DE-627)704133660
|0 (DE-576)327719656
|4 oth
|a Brummer von Bährenfeldt, Magdalena Sophie
|d 1686-1707
|
| 700 |
1 |
|
|0 (DE-588)103751128X
|0 (DE-627)756081351
|0 (DE-576)391555073
|4 prt
|a Salfeld, Elisabeth
|
| 751 |
|
|
|a Halle (Saale)
|0 (DE-588)4023025-9
|0 (DE-627)104745673
|0 (DE-576)208947132
|4 pup
|
| 776 |
0 |
8 |
|i Erscheint auch als
|n Online-Ausgabe
|a Gersdorf, Nicolaus von, 1688 - 1724
|t Abdanckungs-Rede, Welche Bey Beerdigung Der Wohlgebohrnen Fräulein Frl. Magdalenä Sophiä Brum[m]erin von Bährenfeldt, Des Weyland Wohlgebohrnen Herrn, Herrn Benedict Brum[m]ers von Bährenfeldt, Ihro Hoch-Fürstl. Durchl. zu Würtemberg Hochbestaltgewesenen Kriegs-Raths und Obrist-Wachtmeisters [et]c. Jüngeren Fräulein Tochter, Nachdem Dieselbe am 25. des verwichenen Monats Septembr. im 21. Jahr Ihres Alters dieser Zeitlichkeit entrissen, Und den 29. darauff War der Tag Michaelis, Unter Volckreicher Versammlung zur Erde bestattet wurde
|d Halle : Salfeld, 1707
|h 12 S.
|w (DE-627)1513281895
|w (DE-576)443281890
|k Electronic
|
| 850 |
|
|
|a RedVD18-DE-21
|
| 889 |
|
|
|w (DE-627)847710262
|
| 912 |
|
|
|a vd18
|
| 935 |
|
|
|a mteo
|
| 935 |
|
|
|i vd18
|
| 936 |
b |
k |
|a 11.63
|j Christliche Erbauungsliteratur
|x Religionswissenschaft
|q ARK
|0 (DE-627)106403818
|
| 951 |
|
|
|a BO
|
| ELC |
|
|
|b 1
|
| ITA |
|
|
|a 1
|t 1
|
| LOK |
|
|
|0 000 xxxxxcx a22 zn 4500
|
| LOK |
|
|
|0 001 2159385158
|
| LOK |
|
|
|0 003 DE-627
|
| LOK |
|
|
|0 004 109324240X
|
| LOK |
|
|
|0 005 20141117103223
|
| LOK |
|
|
|0 008 910213||||||||||||||||ger|||||||
|
| LOK |
|
|
|0 040
|a DE-21
|c DE-627
|d DE-21
|
| LOK |
|
|
|0 852
|z Als 19. Stück enthalten
|
| LOK |
|
|
|0 852
|a DE-21
|
| LOK |
|
|
|0 852 1
|c L XVI 11.2
|9 00
|
| LOK |
|
|
|0 935
|a abe1
|a vd18
|
| LOK |
|
|
|0 939
|a 13-02-91
|b l01
|
| LOK |
|
|
|0 000 xxxxxcx a22 zn 4500
|
| LOK |
|
|
|0 001 4846021165
|
| LOK |
|
|
|0 003 DE-627
|
| LOK |
|
|
|0 004 109324240X
|
| LOK |
|
|
|0 005 20260113105618
|
| LOK |
|
|
|0 008 260113||||||||||||||||ger|||||||
|
| LOK |
|
|
|0 040
|a DE-Tue135
|c DE-627
|d DE-Tue135
|
| LOK |
|
|
|0 092
|o n
|
| LOK |
|
|
|0 852
|a DE-Tue135
|
| LOK |
|
|
|0 852 1
|9 00
|
| LOK |
|
|
|0 866
|x SPQUE#VD (Historische deutsche Nationalbibliographie)#SPSAM#VD18
|
| LOK |
|
|
|0 935
|a ixvd
|a ixv8
|
| LOK |
|
|
|0 939
|a 13-01-26
|b l01
|
| ORI |
|
|
|a SA-MARC-ixtheoa001.raw
|